| 000 | 01084nam a2200277 4500 | ||
|---|---|---|---|
| 001 | 0000020800 | ||
| 003 | CO-CtgCURN | ||
| 005 | 20250512152244.0 | ||
| 007 | ta | ||
| 008 | 160627s2003 000 0 eng d | ||
| 020 | _a9586762173 | ||
| 040 |
_aCO-CtgCURN _bspa _ccoctgcurn |
||
| 082 | 0 |
_a343 _bG65t |
|
| 100 | 1 | _aGómez López, Orlando Jesus. | |
| 245 | 1 | 0 |
_aTeoria del delito / _cOrlando Jesus Gómez López. |
| 260 |
_aBogotá : _bEdiciones Doctrina y Ley, _c2003. |
||
| 300 | _axxxvi, 1249. | ||
| 336 | _2rdacontent | ||
| 337 |
_2rdamedia _asin mediacion _bn |
||
| 338 |
_2rdacarrier _avolumen _bnc |
||
| 505 | 8 | _aFundamentos de la teoria del delito.--El delito como acto tipico.--Formas de ejecucion del delito.--La conducta como elemento basico del delito.--Causales de inculpabilidad.--Orden y legitima e inculpabilidad.--Consumacion y tentativa.--Autoria y participacion.--Concurso de conductas punibles.-- | |
| 650 | 1 | 4 | _aDelitos. |
| 908 | _a160627 | ||
| 942 |
_cBK _h343 _iG65t _2ddc _n0 |
||
| 999 |
_c19287 _d19287 |
||